| 000 | 00362nam a2200133Ia 4500 | ||
|---|---|---|---|
| 008 | 250506s9999 xx 000 0 und d | ||
| 024 | _a12B-18-BS | ||
| 082 | _a005.1072 MUH | ||
| 100 | _aMuhammad Ali Sheikh | ||
| 245 | 0 | _aCricket Junoon (code book) | |
| 260 |
_aKarachi: _bUIT, _c2012 |
||
| 600 | _aComputer Science | ||
| 650 | _aBachelor of Computer Science (BS) | ||
| 999 |
_c28464 _d28464 |
||